000 01579nam0a22003131 4500
001 rc\2985531
005 20260406122115.0
035 _a(NLR Aleph) 008785879
090 _a8010787
_c8010787
100 _a20110912d1933 |||y0rusy50 ca
101 0 _arus
102 _aRU
105 _aba z |||||
200 1 _aТунгусы Мямяльского рода
_eсоциально-экономический очерк
_eс приложением тунгусских бюджетов
_fМ.К. Расцветаев
210 _aЛенинград
_cИздательство Академии наук СССР
_d1933
215 _aОбл., тит. л., 178 с., 1 вкл. л. карт.
_cил., карт.
_d26х18
225 1 _aТруды Совета по изучению производительных сил
_iСерия Якутская
_fАкад. наук СССР
_vвып. 13
607 _aЯкутская АССР
_xНародное хозяйство
_z1920-ые гг.
_92106244
_3RU\NLR\AUTH\661576948
617 _aСССР
_mСибирь Северо-Восточная
_cЯкутия
686 _aУ03(2Р-6Я)71
686 _aТ52(251.1=Э)-4
700 1 _8rus
_7ca
_aРасцветаев
_bМ. К.
_gМихаил Константинович
_3RU\NLR\AUTH\77100669
_983595
711 0 2 _aАН СССР
_bСовет по изучению производительных сил
_3RU\NLR\AUTH\8814764
_9302841
801 0 _aRU
_bNLR
_gpsbo
801 1 _aRU
_bELAR
_2rusmarc
801 2 _aRU
_bNLR
_c20121130
_2rusmarc
852 _aNLR
_j31-19/281-13
942 _cBOOK
980 _aNB